Ab initio исследование диффузии водорода в титане; Ресурсоэффективным технологиям - энергию и энтузиазм молодых

Podrobná bibliografie
Parent link:Ресурсоэффективным технологиям - энергию и энтузиазм молодых.— 2015.— [С. 506-510]
Hlavní autor: Спиридонова Т. И. Татьяна Игоревна
Korporativní autor: Национальный исследовательский Томский политехнический университет (ТПУ)
Další autoři: Бакулин А. В. (научный руководитель), Кулькова С. Е.
Shrnutí:Заглавие с титульного экрана
Jazyk:ruština
Vydáno: 2015
Edice:Основные теоретико-методологические и прикладные направления развития естественных наук: физики, химии, математики
Témata:
On-line přístup:http://earchive.tpu.ru/handle/11683/19357
http://www.lib.tpu.ru/fulltext/c/2015/C08/152.pdf
Médium: Elektronický zdroj Kapitola
KOHA link:https://koha.lib.tpu.ru/cgi-bin/koha/opac-detail.pl?biblionumber=612409

MARC

LEADER 00000naa2a2200000 4500
001 612409
005 20231101132715.0
035 |a (RuTPU)RU\TPU\conf\10531 
035 |a RU\TPU\conf\10530 
090 |a 612409 
100 |a 20150615d2015 k y0rusy50 ca 
101 0 |a rus 
102 |a RU 
105 |a y z 101zy 
135 |a drcn ---uucaa 
181 0 |a i  
182 0 |a b 
200 1 |a Ab initio исследование диффузии водорода в титане  |f Т. И. Спиридонова, А. В. Бакулин, С. Е. Кулькова  |g науч. рук. С. Е. Кулькова 
203 |a Текст  |c электронный 
225 1 |a Основные теоретико-методологические и прикладные направления развития естественных наук: физики, химии, математики 
230 |a 1 компьютерный файл (pdf; 439 Кб) 
300 |a Заглавие с титульного экрана 
320 |a [Библиогр.: с. 509-510 (9 назв.)] 
337 |a Adobe Reader 
463 0 |0 (RuTPU)RU\TPU\conf\10353  |t Ресурсоэффективным технологиям - энергию и энтузиазм молодых  |o сборник научных трудов VI Всероссийской конференции, г. Томск, 22-24 апреля 2015 г.  |f Национальный исследовательский Томский политехнический университет (ТПУ)   |v [С. 506-510]  |d 2015 
610 1 |a труды учёных ТПУ 
610 1 |a электронный ресурс 
610 1 |a диффузия 
610 1 |a водород 
610 1 |a титан 
610 1 |a диффузия 
700 1 |a Спиридонова  |b Т. И.  |c специалист в области материаловедения  |c инженер Томского политехнического университета  |f 1994-  |g Татьяна Игоревна  |2 stltpush  |3 (RuTPU)RU\TPU\pers\43140 
701 1 |a Бакулин  |b А. В. 
701 1 |a Кулькова  |b С. Е. 
702 1 |a Кулькова  |b С. Е.  |4 727 
712 0 2 |a Национальный исследовательский Томский политехнический университет (ТПУ)  |c (2009- )  |2 stltpush  |3 (RuTPU)RU\TPU\col\15902 
801 2 |a RU  |b 63413507  |c 20210119  |g RCR 
856 4 |u http://earchive.tpu.ru/handle/11683/19357 
856 4 |u http://www.lib.tpu.ru/fulltext/c/2015/C08/152.pdf 
942 |c BK